The noble scholar, jurist, historian


 His Excellency Dr. Abdul Wahhab bin Ibrahim Abu Sulaiman, may Allah have mercy on him.


 He was born in Umm Al-Qura in the year 1356 AH.

كتاب القول الصواب في تزويج أمهات أولاد الغياب / (Record no. 9597)

MARC details
000 -LEADER
fixed length control field 01686cam a22003131i 4500
003 - CONTROL NUMBER IDENTIFIER
control field OSt
005 - DATE AND TIME OF LATEST TRANSACTION
control field 20250708063144.0
008 - FIXED-LENGTH DATA ELEMENTS--GENERAL INFORMATION
fixed length control field 250706s1990 su g 000 0 ara c
040 ## - CATALOGING SOURCE
Original cataloging agency SA-RiAUC
Language of cataloging ara
Transcribing agency SA-RiAUC
Description conventions rda
082 04 - DEWEY DECIMAL CLASSIFICATION NUMBER
Classification number 254.19
Assigning agency SA-RiAUC
090 ## - LOCALLY ASSIGNED LC-TYPE CALL NUMBER (OCLC); LOCAL CALL NUMBER (RLIN)
Classification number (OCLC) (R) ; Classification number, CALL (RLIN) (NR) 254.19
Local cutter number (OCLC) ; Book number/undivided call number, CALL (RLIN) ا ب ن ر
100 1# - MAIN ENTRY--PERSONAL NAME
Personal name ابن رجب، عبد الرحمن بن أحمد بن رجب،
Dates associated with a name 736-795 هجريا
Relator term مؤلف.
245 10 - TITLE STATEMENT
Title كتاب القول الصواب في تزويج أمهات أولاد الغياب /
Statement of responsibility, etc. [تأليف زين الدين أبي الفرج عبد الرحمن بن شهاب الدين أحمد بن رجب ؛ تحقيق] عبد الله الطريقي.
246 30 - VARYING FORM OF TITLE
Title proper/short title القول الصواب في تزويج أمهات أولاد الغياب
250 ## - EDITION STATEMENT
Edition statement الطبعة الأولى.
264 #1 - PRODUCTION, PUBLICATION, DISTRIBUTION, MANUFACTURE, AND COPYRIGHT NOTICE
Place of production, publication, distribution, manufacture الرياض :
Name of producer, publisher, distributor, manufacturer مكتبة المعارف،
Date of production, publication, distribution, manufacture, or copyright notice 1990
264 #2 - PRODUCTION, PUBLICATION, DISTRIBUTION, MANUFACTURE, AND COPYRIGHT NOTICE
Place of production, publication, distribution, manufacture مصر :
Name of producer, publisher, distributor, manufacturer دار السلام للطباعة والنشر والتوزيع والترجمة
300 ## - PHYSICAL DESCRIPTION
Extent 88 صفحة ؛
Dimensions 24 × 17 سم
336 ## - CONTENT TYPE
Content type term نص
Content type code txt
Source rdacontent
Materials specified كتاب
337 ## - MEDIA TYPE
Media type term بدون وسيط
Media type code n
Source rdamedia
338 ## - CARRIER TYPE
Carrier type term مجلد
Carrier type code nc
Source rdacarrier
500 ## - GENERAL NOTE
General note غلاف.
650 #7 - SUBJECT ADDED ENTRY--TOPICAL TERM
Topical term or geographic name entry element الزواج (فقه إسلامي)
Source of heading or term aucsh
650 #7 - SUBJECT ADDED ENTRY--TOPICAL TERM
Topical term or geographic name entry element الأحوال الشخصية للمسلمين
Source of heading or term aucsh
700 12 - ADDED ENTRY--PERSONAL NAME
Relationship information تحقيق لـ (عمل) :
Personal name ابن رجب، عبد الرحمن بن أحمد بن رجب،
Dates associated with a name 736-795 هجريا
Title of a work كتاب القول الصواب في تزويج أمهات أولاد الغياب.
700 1# - ADDED ENTRY--PERSONAL NAME
Personal name الطريقي، عبد الله بن محمد أحمد،
Dates associated with a name 1366 هجري-
Relator term محقق.
942 ## - ADDED ENTRY ELEMENTS (KOHA)
Source of classification or shelving scheme Dewey Decimal Classification
Koha item type Books
Suppress in OPAC No
949 ## - LOCAL PROCESSING INFORMATION (OCLC)
a SA-JeALM
d 250706
u mohamedma123
n 1
Holdings
Withdrawn status Lost status Source of classification or shelving scheme Damaged status Not for loan Home library Current library Date acquired Total checkouts Full call number Barcode Date last seen Price effective from Koha item type
    Dewey Decimal Classification     DR AbdElwahab Library DR AbdElwahab Library 07/08/2025   254.19 ا ب ن ر 000015625 07/08/2025 07/08/2025 Books